Statistics for US States Bordering New York State

Click here to take the quiz!

General Stats

  • This quiz has been taken 141 times
  • The average score is 4 of 5

Answer Stats

State% Correct
New Jersey
96%
Pennsylvania
93%
Connecticut
90%
Vermont
84%
Massachusetts
81%

Score Distribution

Percentile by Number Answered

Percent of People with Each Score

Your Score History

You have not taken this quiz